Catálogo público

Tree fruit nutrition : (Record no. 200804)

MARC details
000 -CABECERA
campo de control de longitud fija 00934nam a2200289Ia 4500
001 - NÚMERO DE CONTROL
campo de control Para_2221
003 - IDENTIFICADOR DEL NÚMERO DE CONTROL
campo de control CHAP
008 - DATOS DE LONGITUD FIJA--INFORMACIÓN GENERAL
campo de control de longitud fija 220125s1994 xx 000 0 und d
010 ## - NÚMERO DE CONTROL DE LA BIBLIOTECA DEL CONGRESO
Número de control de LC 200804
040 ## - FUENTE DE LA CATALOGACIÓN
Centro/agencia transcriptor CHAP
082 ## - NÚMERO DE LA CLASIFICACIÓN DECIMAL DEWEY
Número de clasificación PA 634.0489 P4
100 ## - ENTRADA PRINCIPAL--NOMBRE DE PERSONA
Nombre de persona Peterson, A. Brooke, ed.
9 (RLIN) 165650
245 ## - MENCIÓN DE TÍTULO
Título Tree fruit nutrition :
Resto del título a comprensive manual of deciduous tree fruit nutrient needs /
Mención de responsabilidad, etc. ed. by A. Brooke Peterson and Robert G. Stevens
260 ## - PUBLICACIÓN, DISTRIBUCIÓN, ETC.
Lugar de publicación, distribución, etc. Yakima, Washington :
Nombre del editor, distribuidor, etc. Good Fruit Grower
300 ## - DESCRIPCIÓN FÍSICA
Extensión 211 p.
650 ## - PUNTO DE ACCESO ADICIONAL DE MATERIA--TÉRMINO DE MATERIA
Término de materia o nombre geográfico como elemento de entrada Arboles frutales
Subdivisión general elementos minerales
9 (RLIN) 6673
650 ## - PUNTO DE ACCESO ADICIONAL DE MATERIA--TÉRMINO DE MATERIA
Término de materia o nombre geográfico como elemento de entrada Arboles frutales
Subdivisión general fertilizantes
9 (RLIN) 165651
650 ## - PUNTO DE ACCESO ADICIONAL DE MATERIA--TÉRMINO DE MATERIA
Término de materia o nombre geográfico como elemento de entrada Arboles frutales
Subdivisión general nutrición
9 (RLIN) 165652
700 ## - PUNTO DE ACCESO ADICIONAL--NOMBRE DE PERSONA
Nombre de persona Stevens, Robert G.
9 (RLIN) 165653
901 ## - ELEMENTOS DE DATOS A LOCAL LDA (RLIN)
a PA 634.0489 P4
902 ## - ELEMENTOS DE DATOS B LOCAL, LDB (RLIN)
a A
905 ## - ELEMENTOS DE DATOS E LOCAL, LDE (RLIN)
a 0000001994 i 0000000000 00
910 ## - DATOS DE OPCIÓN DEL USUARIO (OCLC)
Datos de opción del usuario 1994
942 ## - ELEMENTOS DE PUNTO DE ACCESO ADICIONAL (KOHA)
Tipo de ítem Koha Parasitologia_
942 ## - ELEMENTOS DE PUNTO DE ACCESO ADICIONAL (KOHA)
Tipo de ítem Koha Parasitologia_
-- 1
Holdings
Estado de retiro Estado de pérdida Fuente del sistema de clasificación o colocación Estado dañado No para préstamo Código de colección Localización permanente Ubicación/localización actual Fecha de adquisición Número de inventario Total de préstamos Signatura topográfica completa Código de barras Fecha visto por última vez Número de copia Precio válido a partir de Tipo de ítem Koha Nota pública
    Dewey Decimal Classification     General Parasitologia Agricola Parasitologia Agricola 27/10/2005 (PA_7922) (No. UACh C/E)   PA 634.0489 P4 4102003379 25/01/2022 Ej.1 25/01/2022 Libro 3